TOP 10 des pires prénoms de filles - Statistiques

Statistiques générales
  • Ce quiz a été pris 710 fois
  • Le résultat moyen est 2 sur 10
Statistiques - réponses
TOP Prénoms % Correct
6 Lilou
43%
9 Anais
32%
10 Emilie
23%
1 Perinne
23%
3 Mégane
20%
5 Cindy
19%
7 Rebecca
18%
4 Eugénie
16%
8 Lalie
8%
2 Clotidle
6%
Aucun quiz correspondant
Distribution des résultats
% des personnes avec chaque résultat
Percentile par nombre de réponses
Votre historique - résultats
Vous n’avez pas pris ce quiz